Wales Football Top Scorers - Statistics

General Stats
  • This quiz has been taken 251 times
  • The average score is 4 of 10
Answer Stats
Goals Answer % Correct
19 Gareth Bale
98%
28 Ian Rush
60%
19 Craig Bellamy
57%
16 Mark Hughes
39%
16 Robert Earnshaw
37%
22 Dean Saunders
34%
15 John Charles
33%
23 Ivor Allchurch
20%
23 Trevor Ford
7%
16 Cliff Jones
4%
No matching quizzes found
Score Distribution
Percent of People with Each Score
Percentile by Number Answered
Your Score History
You have not taken this quiz